000 00417nam a2200157 a 4500
001 000025319
005 20200930023714.0
008 101216s19uu sp r 000 | spa d
040 _aDO-SdBNP
_bspa
_cBNPHU
082 _axxx
_bB976u
100 _aBuscaglia, Leo
_951860
245 1 0 _a[Autobus 9 :
_bal paraĆ­so ] /
_cLeo Buscaglia.
260 _a[s.l.] :
_b[s.n.],
_c19?.
300 _a255 p. ;
_c21 cm.
049 _aBNGR
999 _c24811
_d24811